| 000 | 00433nam a22001697a 4500 | ||
|---|---|---|---|
| 003 | SGT | ||
| 020 | _a9789357461641 | ||
| 082 |
_a611 _bP24T |
||
| 100 | _aTORTORA, GERAD.J. | ||
| 245 | _aPRINCIPLES OF ANATOMY AND PHYSIOLOGY WITH STUDAY GUIDE | ||
| 250 | _a16TH | ||
| 260 |
_aDELHI _bWILLEY _c2024 |
||
| 300 | _a1023:, I-36, 214 | ||
| 650 | _aANATOMY & PHYSIOLOGY | ||
| 653 | _aPRINCIPLES , ANATOMY , PHYSIOLOGY | ||
| 942 |
_2ddc _cBK |
||
| 999 |
_c34825 _d34825 |
||